000 00900nam a22003017a 4500
001 BR6004116
003 BR-BrBNA
005 20230928093801.0
007 ta
008 230509b bl.||||| |||| 00| 0 por d
040 _aBR-BrBNA
_bpor
_cBiblioteca Nacional de Agricultura
041 _a(Por)
072 _aE70; D50; F01
_b1215
090 _ 1215 BR6004116
110 1 _aDepartamento Nacional de Servicos da Comercializacao, Brasilia, DF (Brasil)
_93382
245 1 _aCurso de classificadores. Produtos de origem vegetal. Castanha do Para
260 3 _aBrasilia, DF (Brasil):
_c[nd].
300 _av. 1-2
500 _aPublished after 1961
650 _aCastanha do Para
650 _aLegislacao
650 _aComercio Exterior
650 _aControle de Qualidade
650 _aDecreto
650 _aClassificacao de Produto
909 _a202309
_bLucia
_c55
_dLucia Elande
942 _cBK
999 _c47083
_d47083